Vincitori del Festival di Sanremo - Statistics

Statistiche generali
  • Questo quiz è stato fatto 1.386 volte
    55 dall'ultimo reset
  • Il punteggio medio è 42 su 83
Statistiche sulle risposte
Anno Vincitore/i % Corretto
2026 Sal Da Vinci
100%
2024 Angelina Mango
97%
2022 Blanco
97%
2021 Måneskin
97%
2019, 2022 Mahmood
95%
2013, 2023 Marco Mengoni
95%
2025 Olly
95%
2017 Francesco Gabbani
92%
2014 Arisa
89%
2020 Diodato
89%
2018 Ermal Meta
89%
2015 Il Volo
89%
2001 Elisa
87%
2012 Emma
87%
1987 Gianni Morandi
87%
1988 Massimo Ranieri
87%
2005 Francesco Renga
84%
1995 Giorgia
84%
2018 Fabrizio Moro
82%
2016 Stadio
79%
1958-1959, 1962, 1966 Domenico Modugno
76%
1986 Eros Ramazzotti
74%
1990 Pooh
74%
1997 Jalisse
71%
2009 Marco Carta
71%
1989, 1999 Anna Oxa
68%
1987, 1993 Enrico Ruggeri
68%
1967, 1969, 1974 Iva Zanicchi
68%
2006 Povia
68%
2007 Simone Cristicchi
68%
1985 Ricchi e Poveri
66%
2011 Roberto Vecchioni
66%
2010 Valerio Scanu
63%
1984 Al Bano
58%
1964, 1966 Gigliola Cinquetti
58%
1951-1952 Nilla Pizzi
58%
1984 Romina Power
58%
1989 Fausto Leali
55%
1987 Umberto Tozzi
55%
1970 Adriano Celentano
50%
1991 Riccardo Cocciante
50%
2004 Marco Masini
47%
1978, 2002 Matia Bazar
47%
1982 Riccardo Fogli
47%
1996 Ron
47%
1955, 1957, 1962, 1967 Claudio Villa
45%
1981 Alice
42%
1980 Toto Cutugno
42%
1998 Annalisa Minetti
39%
1992 Luca Barbarossa
39%
1971-1972 Nicola Di Bari
37%
1965, 1969 Bobby Solo
34%
1970 Claudia Mori
34%
2008 Lola Ponce
34%
2000 Piccola Orchestra Avion Travel
34%
1996 Tosca
34%
1973, 1976 Peppino di Capri
32%
1983 Tiziana Rivale
32%
1994 Aleandro Baldi
29%
2003 Alexia
26%
2008 Giò Di Tonno
26%
1958-1959 Johnny Dorelli
26%
1971 Nada
26%
1977 Homo Sapiens
24%
1960 Tony Dallara
24%
1968 Sergio Endrigo
21%
1963 Tony Renis
21%
1975 Gilda
18%
1953 Carla Boni
16%
1953 Flo Sandon's
16%
1954 Gino Latilla
16%
1979 Mino Vergnaghi
16%
1960 Renato Rascel
16%
1954 Giorgio Consolini
13%
1955 Tullio Pane
13%
1961 Betty Curtis
11%
1956 Franca Raimondi
11%
1957 Nunzio Gallo
11%
1964 Patricia Carli
11%
1968 Roberto Carlos
11%
1963 Emilio Pericoli
8%
1961 Luciano Tajoli
8%
1965 The New Christy Minstrels
8%
Nessun quiz corrispondente trovato
Distribuzione punteggi
Percentuale di utenti per punteggio
Percentile per numero di risposta
I tuoi punteggi nel tempo
Non hai fatto questo quiz dall'ultimo reset